| 000 | 00580nam a22001937a 4500 | ||
|---|---|---|---|
| 999 |
_c29189 _d29188 |
||
| 003 | OSt | ||
| 005 | 20170608205047.0 | ||
| 008 | 170322b xxu||||| |||| 00| 0 eng d | ||
| 020 | _a0070919615 | ||
| 040 |
_aMMU _beng _cMMU _dMMU |
||
| 050 | _aPE115 .C58 1996 | ||
| 245 |
_aBusiness english and communication / _cLyn R. Clark...[at al.]. |
||
| 250 | _a5th Canadian ed. | ||
| 260 |
_aToronto: _bMcGraw-Hill Ryerson Limited, _c1990. |
||
| 300 |
_axvii, 651 p.: _bill.; |
||
| 500 | _aIncludes index | ||
| 650 |
_aCommunication _9253 |
||
| 942 |
_2lcc _cLOAN LOAN _e5th Canadian ed. |
||